000
00290nam a2200109Ia 4500
008
171205s9999 xx 000 0 und d
020
_a
9781506363479
100
_a
Murawski, Wendy W.
245
_a
What Really Works with Exceptional learners
260
_b
CORWIN
_c
2017
300
_a
376 pages
999
_c
347416
_d
347416